=LDR 00000nam 2200000 4500 =001 NUTBA000000000001873 =005 20140522110956.0 =006 =007 =008 =020 ##$$a 979-8251-09-1 =035 ##$$a 0010-051400000000338 =082 ##$$a 2x4 =100 ##$$a mulkhan abdul minir =245 ##$$a teologi dan fiqh =250 ##$$a CET.1 =260 ##$$a yogyakarta,2005 $b roykhan $c 2005 =300 ##$$a xx,506 hlm $b ilus $c 24 cm =990 ##$$a 21400613/BPAP-NTB/20142014